000
00222nam a22000857a 4500
008
160706b xxu||||| |||| 00| 0 eng d
100
_9
2310
_a
Birtles, G
245
_a
Take up Rock Climbing
260
_a
New Delhi
_b
Learners Press
999
_c
1988
_d
1988